00565nam a2200193Ia 4500008004100000041001200041082001100053100005500064245005200119260003300171300000800204365000700212520001200219546001200231630005200243650001200295655001200307730005200319101110s9999 xx 000 0 und d aENGLISH bJR4900 aKshirsagar S.K., Dhas V.K., Shedge S.T. and others aFundamentals of Physics XI Sci Revised Syllabus c2006bNirali Prakashan, Pune a286 b56 aPhysics aENGLISH aFundamentals of Physics XI Sci Revised Syllabus aPhysics aPhysics aFundamentals of Physics XI Sci Revised Syllabus